Pokémon - Les attaques de Mistigrix ♂ - Statistiques

Statistiques générales
  • Ce quiz a été pris 10 fois
  • Le résultat moyen est 12 sur 19
Statistiques - réponses
Niveaux Types Noms des attaques % Correct
Départ Normal Griffe
100%
Niveau 34 Psy Mur Lumière
100%
Niveau 34 Psy Protection
100%
Niveau 54 Psy Psyko
100%
Niveau 15 Fée Charme
86%
Niveau 21 Psy Rafale Psy
86%
Départ Fée Voix Enjôleuse
86%
Niveau 59 Fée Champ Brumeux
71%
Niveau 9 Psy Choc Mental
71%
Départ Normal Groz'Yeux
71%
Niveau 24 Ténèbres Coup Bas
57%
Niveau 44 Psy Possessif
57%
Départ Normal Bluff
43%
Niveau 39 Psy Choc Psy
43%
Niveau 29 Psy Imitation
43%
Niveau 49 Combat Prévention
43%
Niveau 12 Normal Coup d'Main
29%
Niveau 18 Normal Implore
29%
Départ Normal Regard Noir
14%
Aucun quiz correspondant
Distribution des résultats
% des personnes avec chaque résultat
Percentile par nombre de réponses
Votre historique - résultats
Vous n’avez pas pris ce quiz